Atomic Habits : (Record no. 5008)

000 -LEADER
fixed length control field 00596nam a2200205 a 4500
005 - DATE AND TIME OF LATEST TRANSACTION
control field 20240614092202.0
008 - FIXED-LENGTH DATA ELEMENTS--GENERAL INFORMATION
fixed length control field 240614t2018 nyu||||| |||| 00| 0 eng d
020 00 - INTERNATIONAL STANDARD BOOK NUMBER
International Standard Book Number 9780593189641
040 ## - CATALOGING SOURCE
Original cataloging agency AKMAL
082 00 - DEWEY DECIMAL CLASSIFICATION NUMBER
Classification number 155.24 CLE
090 ## - LOCALLY ASSIGNED LC-TYPE CALL NUMBER (OCLC); LOCAL CALL NUMBER (RLIN)
Classification number (OCLC) (R) ; Classification number, CALL (RLIN) (NR) 155.24
Local cutter number (OCLC) ; Book number/undivided call number, CALL (RLIN) CLE
245 10 - TITLE STATEMENT
Title Atomic Habits :
Remainder of title An Easy & Proven Way to Build Good Habits & Break Bad Ones /
Statement of responsibility, etc. James Clear
260 00 - PUBLICATION, DISTRIBUTION, ETC.
Place of publication, distribution, etc. New York :
Name of publisher, distributor, etc. Avery,
Date of publication, distribution, etc. 2018
300 ## - PHYSICAL DESCRIPTION
Extent ix, 306p.
Other physical details ill. ;
Dimensions 23cm
500 00 - GENERAL NOTE
General note Includes index
650 00 - SUBJECT ADDED ENTRY--TOPICAL TERM
Topical term or geographic name entry element Habit
9 (RLIN) 9565
650 00 - SUBJECT ADDED ENTRY--TOPICAL TERM
Topical term or geographic name entry element Habit Breakup
9 (RLIN) 9566
650 00 - SUBJECT ADDED ENTRY--TOPICAL TERM
Topical term or geographic name entry element Behaviour modification
9 (RLIN) 9567
942 ## - ADDED ENTRY ELEMENTS (KOHA)
Source of classification or shelving scheme
Koha item type Book
Holdings
Withdrawn status Lost status Source of classification or shelving scheme Damaged status Not for loan Collection code Home library Current library Shelving location Date acquired Inventory number Total Checkouts Full call number Barcode Date last seen Price effective from Koha item type
          NON-FICTION AKMAL Melaka AKMAL Melaka PINJAMAN 14.06.2024 011558   155.24 CLE 201708239 14.06.2024 14.06.2024 Book
Pusat Sumber Maklumat Dato' Haji Sarmin Md Hussin, Akademi Kastam Diraja Malaysia, Melaka
Tel: 06-2331106 | Faks: 06-2313787